000 00464nam a2200181Ia 4500
005 20250508155357.0
008 008 250505s9999 xx 000 0 eng d
037 _aTextual
040 _aFEDL
_beng
_cFEDL
041 _aeng
_2eng
084 _aB, THO
_qFEDL
100 _aCondry William
_9766932
245 0 _aThoreau
260 _aDelhi, India
_bS Chand and Company
_c1962
300 _a91p.
942 _cTEXL
_hB, THO
999 _c1356349
_d1356349